Dolphin in the deep / (Record no. 4436)
[ view plain ]
| 000 -LEADER | |
|---|---|
| fixed length control field | 01174nam a22003017a 4500 |
| 001 - CONTROL NUMBER | |
| control field | 4436 |
| 003 - CONTROL NUMBER IDENTIFIER | |
| control field | FISKH |
| 005 - DATE AND TIME OF LATEST TRANSACTION | |
| control field | 20250207155642.0 |
| 008 - FIXED-LENGTH DATA ELEMENTS--GENERAL INFORMATION | |
| fixed length control field | 240909b cb ||||| |||| 00| 0 eng d |
| 020 ## - INTERNATIONAL STANDARD BOOK NUMBER | |
| International Standard Book Number | 0439230217 |
| 040 ## - CATALOGING SOURCE | |
| Original cataloging agency | FISKH |
| Language of cataloging | eng |
| Transcribing agency | FISKH |
| Modifying agency | FISKH |
| 050 ## - LIBRARY OF CONGRESS CALL NUMBER | |
| Classification number | PZ7.D2193 |
| 082 ## - DEWEY DECIMAL CLASSIFICATION NUMBER | |
| Edition number | 823.914 |
| 100 ## - MAIN ENTRY--PERSONAL NAME | |
| Personal name | M. Baglio, Ben |
| Dates associated with a name | 1960- |
| 245 ## - TITLE STATEMENT | |
| Title | Dolphin in the deep / |
| Statement of responsibility, etc. | Ben M.Baglio Illustrations by Jenny Gregory Cover illustration by Mary Ann lasher |
| 250 ## - EDITION STATEMENT | |
| Edition statement | First Printing 2001 |
| 260 ## - PUBLICATION, DISTRIBUTION, ETC. | |
| Place of publication, distribution, etc. | London : |
| Name of publisher, distributor, etc. | Scholastic, |
| Date of publication, distribution, etc. | 2001. |
| 300 ## - PHYSICAL DESCRIPTION | |
| Extent | 130 pages : |
| Other physical details | illustrations ; |
| Dimensions | 20cm. |
| 505 ## - FORMATTED CONTENTS NOTE | |
| Formatted contents note | N<br/> |
| 520 ## - SUMMARY, ETC. | |
| Summary, etc. | Mandy's been spending most of her Florida vacation at the local animal park, playing with two tame dolphins, Bob and Bing. The dolphins are happy performing together, but when Bob dies, Bing seems lonely and depressed. Mandy and her friend, Joel, worry about Bing's future. They come up with a daring plan to set him free. |
| 521 8# - TARGET AUDIENCE NOTE | |
| Target audience note | 570L<br/> |
| Source | Lexile<br/> |
| 521 8# - TARGET AUDIENCE NOTE | |
| Target audience note | N<br/> |
| Source | Raz-plus<br/> |
| 650 ## - SUBJECT ADDED ENTRY--TOPICAL TERM | |
| Source of heading or term | Animals |
| Topical term or geographic name entry element | Childrens |
| Form subdivision | Fiction |
| 650 ## - SUBJECT ADDED ENTRY--TOPICAL TERM | |
| Source of heading or term | Animal Fiction |
| 700 ## - ADDED ENTRY--PERSONAL NAME | |
| Personal name | Gregory, Jenny |
| Dates associated with a name | Illustrator |
| 942 ## - ADDED ENTRY ELEMENTS (KOHA) | |
| Source of classification or shelving scheme | Dewey Decimal Classification |
| Koha item type | Books |
| Suppress in OPAC | No |
| Withdrawn status | Lost status | Source of classification or shelving scheme | Damaged status | Not for loan | Collection | Home library | Current library | Shelving location | Date acquired | Total Checkouts | Full call number | Barcode | Date last seen | Date last checked out | Copy number | Price effective from | Koha item type |
|---|---|---|---|---|---|---|---|---|---|---|---|---|---|---|---|---|---|
| Dewey Decimal Classification | Juvenile Fiction | Footprints International School Library Network Toul Kork Campus | Footprints International School Library Network Toul Kork Campus | TTP Primary Yellow Bookshelves | 09/09/2024 | 1 | BAG 823.914 PZ7.D2193 | 2024-1897 | 09/10/2024 | 09/10/2024 | 1 | 09/09/2024 | Books | ||||
| Dewey Decimal Classification | Juvenile Fiction | Footprints International School Library Network Toul Kork Campus | Footprints International School Library Network Toul Kork Campus | TTP Primary Yellow Bookshelves | 02/07/2025 | BAG 823.914 PZ7.D2193 | 2025-0454 | 02/07/2025 | 2 | 02/07/2025 | Books |
